000
00206nam a2200097Ia 4500
008
240331s9999 xx 000 0 und d
082
_b
MCN
100
_a
Monay, L
245
0
_a
Focault and feminism
942
_c
L
999
_c
1772
_d
1772